Survey quarterly.

Saved in:
Bibliographic Details
Corporate Author: New Zealand Institute of Surveyors
Format: Journal
Language:English
Published: Wellington, N.Z. : New Zealand Institute of Surveyors, 1995-.
Subjects:
LEADER 02598nas a2200553 a 4500
001 c000180434
003 CARM
005 20181016132516.0
008 950602c19959999nz qr p 0 a0eng d
010 |a 96656557 
010 |z sn 95018051 
019 1 |a 69842495  |5 LACONCORD2021 
022 |a 1173-5651 
022 |y 0110-1196 
022 |z 01001996 
022 |y 1175-5651 
035 |a (OCoLC)32734253  |5 LACONCORD2021 
040 |a XNLS  |b eng  |c XNLS  |d SUSA 
043 |a u-nz--- 
050 0 0 |a TA501  |b .S78 
082 0 4 |a 526.9/0993/05  |2 20 
245 0 0 |a Survey quarterly. 
246 1 7 |a SQ 
260 |a Wellington, N.Z. :  |b New Zealand Institute of Surveyors,  |c 1995-. 
300 |a v. :  |b ill. ;  |c 30 cm. 
362 0 |a no. 1 (Mar. 1995)- 
610 2 0 |a New Zealand Institute of Surveyors  |v Periodicals. 
650 0 |a Surveying  |z New Zealand  |v Periodicals. 
650 0 |a Surveyors  |z New Zealand  |v Periodicals. 
710 2 |a New Zealand Institute of Surveyors. 
852 8 |b CARM  |h A2:AR08E0  |i D07479  |p 0247856  |j 1(1995:03),5(1996:03)-12(1997:12)  |f SE 
852 8 |b CARM  |i F09588  |p 0310895  |j 13(1988:03)-24(2000:12)  |f SE 
852 8 |b CARM  |i F09592  |p 0310896  |j 25(2001:03)-34(2003:06),36(2003:12)  |f SE 
852 8 |b CARM  |i F09595  |p 0310897  |j 37(2004:03)-39(2004:09),41(2005:03)-49(2007:01),51(2007:09)-64(2010:12)  |f SE 
852 8 |b SCAN  |h A3:AH22C0  |i F09588  |p 0310895  |f SE 
852 8 |b SCAN  |h A3:AJ24E0  |i F09592  |p 0310896  |f SE 
852 8 |b SCAN  |h A3:AJ24E0  |i F09595  |p 0310897  |f SE 
852 8 |b SCAN  |h A3:AH22C0  |i F09588  |p 0310895  |f SE 
852 8 |b SCAN  |h A3:AJ24E0  |i F09592  |p 0310896  |f SE 
852 8 |b SCAN  |h A3:AJ24E0  |i F09595  |p 0310897  |f SE 
866 0 |a 1(1995:03)-64(2010:12) Inc. 
999 f f |i 488c583f-c787-5cc0-af63-be811b5e388c  |s f194d9d9-f1b8-558e-9ba7-07f0a68717ab 
952 f f |p Can circulate  |a CAVAL  |b CAVAL  |c CAVAL  |d CARM 1 Store  |e F09588  |h Other scheme  |i book  |k 13(1988:03)-24(2000:12)  |m 0310895 
952 f f |p Can circulate  |a CAVAL  |b CAVAL  |c CAVAL  |d CARM 1 Store  |e D07479  |f A2:AR08E0  |h Other scheme  |i book  |k 1(1995:03),5(1996:03)-12(1997:12)  |m 0247856 
952 f f |p Can circulate  |a CAVAL  |b CAVAL  |c CAVAL  |d CARM 1 Store  |e F09595  |h Other scheme  |i book  |k 37(2004:03)-39(2004:09),41(2005:03)-49(2007:01),51(2007:09)-64(2010:12)  |m 0310897 
952 f f |p Can circulate  |a CAVAL  |b CAVAL  |c CAVAL  |d CARM 1 Store  |e F09592  |h Other scheme  |i book  |k 25(2001:03)-34(2003:06),36(2003:12)  |m 0310896 
952 f f |a CAVAL  |b CAVAL  |c CAVAL  |d Unmapped Location  |e F09595  |f A3:AJ24E0  |h Other scheme 
952 f f |a CAVAL  |b CAVAL  |c CAVAL  |d Unmapped Location  |e F09592  |f A3:AJ24E0  |h Other scheme 
952 f f |a CAVAL  |b CAVAL  |c CAVAL  |d Unmapped Location  |e F09588  |f A3:AH22C0  |h Other scheme